Judas Priest Songs - Sudden Death - Statistics

General Stats
  • This quiz has been taken 41 times
  • The average score is 7 of 10
Answers on the Grid
Answers color-coded by a green-red scale on the quiz's grid according to % correct below.
Blade of the Sorrowed King
Blood Red Skies
Breaking the Law
Cathedral Spires
Chains of the Fallen Sun
Chrome Reaper Rising
Crimson Retaliation
Dissident Aggressor
Dominion of the Crimson Warlord
Echoes of the Steel Titan
Electric Eye
Forged in Midnight Fire
Hell Bent for Leather
Metal Gods Rising
Nightblade Rebellion
Overlord of the Shattered Realm
Painkiller
Rider of the Iron Tempest
Screaming Steelworks
Shadows of the Iron Prophet
Steel in the Shadows
Storm of the Silver Legion
The Burning Crusader
The Oath of Hellfire Keep
The Sentinel
Turbo Lover
Tyrant of the Ashen Crown
Vengeance Circuit
Wings of Retribution
You’ve Got Another Thing Comin’
 
Answer Stats
Answer % Correct
Breaking the Law
94%
Electric Eye
88%
Painkiller
85%
Hell Bent for Leather
79%
Turbo Lover
79%
You’ve Got Another Thing Comin’
79%
Blood Red Skies
64%
The Sentinel
64%
Dissident Aggressor
55%
Cathedral Spires
39%
No matching quizzes found
Score Distribution
Percent of People with Each Score
Percentile by Number Answered
Your Score History
You have not taken this quiz